All Island Countries of the Caribbean - Statistics

General Stats
  • This quiz has been taken 19 times
  • The average score is 9 of 13
Answers on the Map
Answers color-coded by a green-red scale on the quiz's map according to % correct below.
 
Answer Stats
Answer % Correct
Trinidad and Tobago
92%
Bahamas
85%
Cuba
85%
Dominican Republic
85%
Jamaica
77%
Haiti
69%
Saint Kitts and Nevis
69%
Antigua and Barbuda
62%
Barbados
62%
Saint Lucia
54%
Saint Vincent and the Grenadines
46%
Dominica
38%
Grenada
38%
No matching quizzes found
Score Distribution
Percent of People with Each Score
Percentile by Number Answered
Your Score History
You have not taken this quiz